انسان کی تلاش / (Record no. 107815)

MARC details
000 -LEADER
fixed length control field 00726nam a22002417a 4500
005 - DATE AND TIME OF LATEST TRANSACTION
control field 20200217150947.0
010 ## - LCCN (DPL NO)
LC control number A-466052
020 ## - INTERNATIONAL STANDARD BOOK NUMBER
Terms of availability 80.00
035 ## - SYSTEM CONTROL NUMBER
System control number A-466052
037 ## - SOURCE OF ACQUISITION
Source of stock number/acquisition Cen Lib/Ret
082 ## - DEWEY DECIMAL CLASSIFICATION NUMBER
Classification number ک
100 ## - MAIN ENTRY--PERSONAL NAME
Personal name نشاط فاطمہ
245 ## - TITLE STATEMENT
Title انسان کی تلاش /
Statement of responsibility, etc نشاط فاطمہ
246 ## - VARYING FORM OF TITLE
Title proper/short title Insan ki Talash /
Remainder of title by Nishat Fatima
260 ## - PUBLICATION, DISTRIBUTION, ETC. (IMPRINT)
Name of publisher, distributor, etc مقبول اکاڈمی
Place of publication, distribution, etc لاہور
Date of publication, distribution, etc 1988 ء
270 ## - ADDRESS
City لاہور
Address ١٩٩، سرکار روڈ چوک انارکلی
300 ## - PHYSICAL DESCRIPTION
Extent 263p.
Dimensions 21cm(Hb)
650 ## - SUBJECT ADDED ENTRY--TOPICAL TERM
Topical term or geographic name as entry element ادب -- اردو
650 ## - SUBJECT ADDED ENTRY--TOPICAL TERM
Topical term or geographic name as entry element اردو افسانے
650 ## - SUBJECT ADDED ENTRY--TOPICAL TERM
Topical term or geographic name as entry element Urdu literature
650 ## - SUBJECT ADDED ENTRY--TOPICAL TERM
Topical term or geographic name as entry element Urdu stories
942 ## - ADDED ENTRY ELEMENTS (KOHA)
Source of classification or shelving scheme Dewey Decimal Classification
Item type Urdu Bks
Classification part ک
Call number suffix ن ش ا
Holdings
Withdrawn status Lost status Not for loan Home library Current library Date acquired Source of acquisition Cost, normal purchase price Full call number Barcode Copy number Cost, replacement price Koha item type
      Central Library Central Library 11/01/2016 Cen Lib/Ret 80.00 ک ن ش ا A-466052 1 80.00 Urdu Bks

© Delhi Public Library
Hit Counter
free hit counter